000 01003nam a22002417a 4500
001 121271
008 161222s2022 xxk|||||o|||| 00| 0 eng d
041 _aeng
110 _aRoyal Institution of Chartered Surveyors
245 _aSubsidence
_bA clear impartial guide
_h[Electronic resource]
260 _aLondon,
_bRoyal Institution of Chartered Surveyors,
_c18 November 2022
300 _a12p.
490 _aRICS Consumer guide
500 _aReplaces the 2013 edition catalogue reference 115263
520 _aA consumer guide on Subsidence in a home, how to tell if your house is subsiding, causes and how it can be fixed and how an RICS member can help.
650 _aSubsidence
650 _aBuilding Surveying
651 _aUnited Kingdom
690 _96225
_aBuilding surveying
710 _aRoyal Institution of Chartered Surveyors
856 _uhttps://www.ricsfirms.com/media/1196/rics-consumer-guide-subsidence.pdf
_zAvailable on rics.org/consumerguides
942 _n0
999 _c121271
_d121271